| 000 | 00763nam a22002297a 4500 | ||
|---|---|---|---|
| 999 |
_c7021 _d7021 |
||
| 003 | AR-CdUCM | ||
| 008 | 190319b ||||| |||| 00| 0 spa d | ||
| 040 |
_aMUNICIPALIDAD PROVINCIAL DEL CUSCO _cBIBLIOTECA MUNICIPAL DEL CUSCO |
||
| 082 |
_a333 / _bC95 |
||
| 245 | _aLa cuestión de la tierra / | ||
| 260 |
_aMéxico : _bCentro de estudios y documentaciónsocales, _c1963. |
||
| 300 |
_a3 tomos ; _c18 cm. |
||
| 440 |
_aManuales para campesinos. _n4-5-6 _919790 |
||
| 505 | _aCotenido : t.1:Economía agraria -- t.2: Agrarismo y desarrollo -- t.3: Las reformas agrarias en el mundo. | ||
| 650 |
_aEconomía _9382 |
||
| 650 |
_aTierra _9337 |
||
| 650 |
_aSociedad _953 |
||
| 650 |
_aAgro _92315 |
||
| 710 |
_aCEDS _919791 |
||
| 942 |
_2ddc _cLIBROS |
||
| 945 | _azta | ||